[Event "Klaksvik Kjolur op"]
[Site "Klaksvik"]
[Date "2022.04.02"]
[Round "5"]
[White "Thomsen, Poul"]
[Black "Olsen, Rogvi Heinason"]
[Result "1/2-1/2"]
[WhiteElo "1211"]
[BlackElo "1398"]
[PlyCount "51"]
[EventDate "2022.04.01"]
[EventType "swiss"]
[EventRounds "7"]
[EventCountry "FAI"]
[SourceTitle "EXT 2023"]
[Source "ChessBase"]
[SourceDate "2022.10.05"]
[SourceVersion "1"]
[SourceVersionDate "2022.10.05"]
[SourceQuality "1"]

1. d4 Nf6 2. c4 g6 3. Nc3 Bg7 4. Nf3 0-0 5. e4 d6 6. Be2 e5 7. d5 Na6 8. Be3 Ng4 9. Bd2 f5 10. h3 Nf6 11. exf5 gxf5 12. Qc2 Nc5 13. 0-0-0 e4 14. Nd4 Nxd5 15. Nc6 bxc6 16. cxd5 cxd5 17. Nxd5 c6 18. Nf4 Qe7 19. Bc4+ Be6 20. Nxe6 Nxe6 21. Bb4 Rfd8 22. Qb3 Kf7 23. Rhe1 a5 24. Ba3 Qg5+ 25. Kb1 d5 26. Qb7+ 1/2-1/2